000 01025nam a2200265 i 4500
001 43502
003 ES-MaACL
005 20240224062533.0
007 t|
008 030318s1984 sp ||||1| spa d
100 1 _aCervantes Saavedra, Miguel de,
_d1547-1616
_9226514
245 1 0 _aNovela de Rinconete y Cortadillo
_b: ; Novela del zeloso estremeño /
_cMiguel de Cervantes Saavedra ; reproducción facsimilar cuidada y prologada por Felipe B. Pedraza Jiménez.
260 _aAranjuez :
_bAra-Iovis,
_c1984.
300 _a61 p., XVI, 71 p., XVIII, 74 p. ;
_c17 cm.
490 1 _aOro viejo ;
_v001
500 _aReprod. facs. de la ed. del Gabinete de lectura española, nº IV y V, Madrid: Antonio Fernández, 1788.
500 _aEjemp. nº 902 de una tirada de 999.
655 7 _2tgfbne
_9226495
_aFacsímiles
700 1 _aPedraza Jiménez, Felipe B.
_989890
740 3 _aEl celoso extremeño.
830 0 _aOro viejo ;
_v001
_9181989
852 _aES-MaACL
_jL-10738
942 _2udc
999 _c43502
_d43502